Tkanivá a orgány človeka : Histológia, mikroskopická a elektrónovooptická anatómia /
Gespeichert in:
| 1. Verfasser: | |
|---|---|
| Format: | Buch |
| Sprache: | Slowakisch |
| Veröffentlicht: |
Bratislava :
Veda,
1983
|
| Tags: |
Keine Tags, Fügen Sie das erste Tag hinzu!
|
MARC
| LEADER | 00000nam a22000003a 4500 | ||
|---|---|---|---|
| 001 | stu18450 | ||
| 005 | 20150617225752.7 | ||
| 008 | 920331s1983----cs------------------slo-d | ||
| 040 | |a STU |b slo | ||
| 041 | 0 | |a slo | |
| 044 | |a cs | ||
| 080 | |a 611 | ||
| 100 | 1 | |a Maršala, Jozef |4 aut | |
| 245 | 1 | |a Tkanivá a orgány človeka : |b Histológia, mikroskopická a elektrónovooptická anatómia / |c [aut.]Maršala,Jozef | |
| 260 | |a Bratislava : |b Veda, |c 1983 | ||
| 300 | |a 604 s : |b Obr.,lit | ||
| 996 | |b C89338 |c C*89338 |l CCXI |s P |a 0 |w stu18450_0001 | ||